| 000 | 01145nam a2200229Ia 4500 | ||
|---|---|---|---|
| 999 |
_c54145 _d54145 |
||
| 001 | 21200 | ||
| 003 | GE_BSU | ||
| 005 | 20210723170526.0 | ||
| 008 | 181216s2013||||ge |||||||||||||| ||geo|| | ||
| 040 | _cGE_BSU | ||
| 041 | _ageo | ||
| 080 | _a342.553(479.22) მ-91 | ||
| 245 |
_aმუნიციპალური სამართალი : _bყველაფერი ადგილობრივი თვითმმართველობის შესახებ ცვლილებებითა და დამატებებით 2013 წლის 25 აგვისტომდე. |
||
| 264 |
_aთბილისი : _bბონა კაუზა, _c2013. |
||
| 300 |
_a222 გვ. ; _c20 სმ. |
||
| 490 | _aიურისტის ბიბლიოთეკა | ||
| 541 | _h10ლ. | ||
| 653 | _aმუნიციპალური სამართალი | ||
| 653 | _aსამართალი | ||
| 653 | _aსაქართველოს კანონი ადგილობრივი თვითმმართველობის შესახებ | ||
| 942 |
_cBK _2udc |
||